Iglesia y poder (Record no. 171083)
[ view plain ]
| 000 -LEADER | |
|---|---|
| fixed length control field | 00773nam a22001937a 4500 |
| 005 - DATE AND TIME OF LATEST TRANSACTION | |
| control field | 20241029134455.0 |
| 008 - FIXED-LENGTH DATA ELEMENTS--GENERAL INFORMATION | |
| fixed length control field | 241029b mx ||||| |||| 00| 0 spa d |
| 020 ## - INTERNATIONAL STANDARD BOOK NUMBER | |
| International Standard Book Number | 9682984335 |
| 050 04 - LIBRARY OF CONGRESS CALL NUMBER | |
| Classification number | BX1431.Y83 |
| Item number | M46 1995 |
| 100 1# - MAIN ENTRY--PERSONAL NAME | |
| Personal name | Menéndez Rodríguez, Hernán |
| 245 10 - TITLE STATEMENT | |
| Title | Iglesia y poder |
| Remainder of title | : proyectos sociales, alianzas políticas y económicas en Yucatán, 1857-1917 |
| Statement of responsibility, etc | / Hernán Menéndez Rodríguez |
| 250 ## - EDITION STATEMENT | |
| Edition statement | 1a ed. |
| 260 ## - PUBLICATION, DISTRIBUTION, ETC. (IMPRINT) | |
| Place of publication, distribution, etc | México : |
| Name of publisher, distributor, etc | Consejo Nacional para la Cultura y las Artes, |
| -- | Editorial Nuestra América, |
| Date of publication, distribution, etc | 1995 |
| 300 ## - PHYSICAL DESCRIPTION | |
| Extent | 478 paginas : |
| Other physical details | ilustraciones ; |
| Dimensions | 21 cm. |
| 490 0# - SERIES STATEMENT | |
| Series statement | Regiones |
| 610 14 - SUBJECT ADDED ENTRY--CORPORATE NAME | |
| Corporate name or jurisdiction name as entry element | Iglesia Católica |
| Geographic subdivision | Yucatan |
| General subdivision | Historia |
| Chronological subdivision | Siglo XIX |
| 650 #7 - SUBJECT ADDED ENTRY--TOPICAL TERM | |
| Source of heading or term | lemb |
| Topical term or geographic name as entry element | Iglesia y Estado |
| Geographic subdivision | Yucatán |
| General subdivision | Historia |
| Chronological subdivision | Siglo XIX |
| 942 ## - ADDED ENTRY ELEMENTS (KOHA) | |
| Source of classification or shelving scheme | Biblioteca del Cogreso de los Estados Unidos |
| Koha item type | Libro |
| Estado de pérdida | Fuente de clasificación | Estado del daño | No para préstamo | Ubicación permanente | Ubicación actual | Apartado o colección | Fecha de adquisición | Edición | Dependencia de educación superior (DES) | Área del conocimiento | Total Checkouts | Clasificación | Código de Barras | Date last seen | Número de copia | Costo por reposición | Tipo de recurso |
|---|---|---|---|---|---|---|---|---|---|---|---|---|---|---|---|---|---|
| Biblioteca del Cogreso de los Estados Unidos | Biblioteca del Instituto de Investigaciones Históricas | Biblioteca del Instituto de Investigaciones Históricas | General | 29/10/2024 | 1a ed. | Humanidades | Educación y Humanidades | BX1431.Y83 M46 1995 | IIH000037197 | 29/10/2024 | 1 | 89.00 | Libro |